Detalles MARC
| 000 -LIDER |
| fixed length control field |
01232nam a22003611 4500 |
| 001 - NÚMERO DE CONTROL |
| Identificador de número de control |
01107648 |
| 003 - IDENTIFICACDOR DE NÚMERO DE CONTROL |
| control field |
DO-SdBNP |
| 005 - DATE AND TIME OF LATEST TRANSACTION |
| control field |
20240723134257.0 |
| 007 - CAMPOS FIJOS DE DESCRIPCIÓN FÍSICA |
| fixed length control field |
01107648 |
| 008 - ELEMENTOS DE LONGITUD FIJA |
| fixed length control field |
920725s2006 cl spa |
| 017 ## - NÚMERO DE REGISTRO DE DERECHOS DE AUTOR |
| Copyright or legal deposit number |
|
| Assigning agency |
|
| 020 ## - ISBN |
| International Standard Book Number |
9587030893 |
| 035 ## - NÚMERO LOCAL |
| System control number |
|
| 040 ## - FUENTE DE CATALOGACIÓN |
| Agencia que crea de manera original el registro |
BPMSU |
| Idioma de catalogación |
spa |
| Agencia que realiza la transcripción |
BPMSU |
| 082 #4 - NÚMERO DE CLASIFICACIÓN DECIMAL DE DEWEY |
| Classification number |
370.114 |
| Item number |
C268m 2006 |
| Edition number |
22 |
| 100 1# - ASIENTO PRINCIPAL -- NOMBRE PERSONAL |
| Nombre personal |
Cardona Prieto, Marcela. |
| 245 10 - MENCIÓN DE TITULO |
| Título |
Mi casita de virtudes : |
| Subtítulo |
Cuaderno talller / |
| Mención de responsabilidad |
Marcela Cardona Prieto, Paola Guarnizo Latorre ; ilustraciones Humberto Ruíz, Carolina Ponce. |
| Medio (Designación general de material) |
|
| 250 ## - MENCIÓN DE EDICION |
| Mención de edición |
2a. ed. |
| 260 ## - PUBLICACIÓN, DISTRIBUCIÓN, ETC. (PIE DE IMPRENTA) |
| Lugar de publicación, distribución, etc |
Colombia : |
| Nombre del editor, distribuidor, etc. |
Editora Cultural, |
| Fecha de publicación, distribución, etc |
1966 |
| 300 ## - DESCRIPCIÓN FÍSICA |
| Extensión |
60 p. : |
| Dimensiones |
27 cm |
| 490 0# - MENCIÓN DE SERIES |
| Mención de serie |
Mi casita de virtudes |
| Volume/sequential designation |
|
| 505 ## - NOTA DE CONTENIDO |
| Texto normalizado de contenido |
v.1 Devocionario. -- v.2 Urbanidad. -- v.3 Principios. -- v.4 Cuaderno taller. |
| 590 ## - NOTA LOCAL |
| Texto de la nota local |
Inventariado, 2024/VM |
| 650 #4 - ENCABEZAMIENTO DE MATERIA--TEMÁTICO |
| Término temático o nombre geográfico como elemento de entrada |
Valores sociales |
| Subdivisión de forma |
Cuentos infantiles. |
| Fuente del encabezamiento o término |
|
| 650 #4 - ENCABEZAMIENTO DE MATERIA--TEMÁTICO |
| Término temático o nombre geográfico como elemento de entrada |
Educación para la vida familiar |
| 650 #4 - ENCABEZAMIENTO DE MATERIA--TEMÁTICO |
| Término temático o nombre geográfico como elemento de entrada |
Respecto por las personas |
| 650 #4 - ENCABEZAMIENTO DE MATERIA--TEMÁTICO |
| Término temático o nombre geográfico como elemento de entrada |
Disciplina infantil |
| Subdivisión de forma |
|
| Fuente del encabezamiento o término |
|
| 700 1# - ASIENTO SECUNDARIO -- NOMBRE PERSONAL |
| Nombre personal |
Guarnizo Latorre, Paola. |
| 700 1# - ASIENTO SECUNDARIO -- NOMBRE PERSONAL |
| Nombre personal |
Ruíz, Humberto, |
| Mención de responsabilidad |
ilustración |
| 700 1# - ASIENTO SECUNDARIO -- NOMBRE PERSONAL |
| Nombre personal |
Ponce, Carolina |
| Mención de responsabilidad |
ilustración |
| 910 ## - VALIDACIÓN |
| Validación |
VMateo V. Control de calidad. BPMSU |
| 942 ## - ADDED ENTRY ELEMENTS (KOHA) |
| Source of classification or shelving scheme |
Dewey Decimal Classification |
| Koha item type |
Libros |